| 000 | 01068nam a2200301 i 4500 | ||
|---|---|---|---|
| 003 | DO-SdBNP | ||
| 005 | 20250514092901.0 | ||
| 007 | ta | ||
| 008 | 250514b2014 dr ||||| |||| 00| 0 spa d | ||
| 020 | _a9789945588095 | ||
| 040 |
_aDO-SdBNP _bspa _cBNPHU _erda |
||
| 082 | 4 |
_aRD863.44 _bD159c 2014 _222 |
|
| 100 | 1 |
_aDamirón, Rafael, _d1882-1956 _eautor _4aut. _927287 |
|
| 245 | 1 | 3 |
_aLa Cacica / _cRafael Damirón. |
| 264 | 4 |
_aSanto Domingo : _bEdiciones Rumbo Sur, _c©2014. |
|
| 300 |
_a207 páginas ; _c23 cm. |
||
| 336 |
_atexto _btxt _2rdacontent |
||
| 337 |
_asin mediación _bn _2RDAmedia |
||
| 338 |
_avolumen _bnc _2rdacarrier |
||
| 500 | _aIncluye datos biográficos del autor en las solapas. | ||
| 534 |
_aFascím. _bCiudad Trujillo, República Dominicana _cImprenta La Opinión _e1944. |
||
| 586 | _aNovela premiada en el concurso literario celebrado con motivo del Centenario de la República. | ||
| 590 | _aInventariado, 2025/BT | ||
| 650 | 4 |
_aNovela dominicana _9223 |
|
| 650 | 4 |
_aLiteratura dominicana. _967 |
|
| 910 | _aBtavárez | ||
| 942 |
_2ddc _cLBS1 |
||
| 999 |
_c59027 _d59027 |
||